01979nam a2200325Ia 4500001000600000003000900006008004100015040001300056040001300069041001300082100001500095100002900110240005100139240003500190245006600225245006600291250001100357260001100368260002300379260004900402300004300451500083000494650002601324650003101350942000701381957000601388999001701394999000601411952023601417E9438IT-RoPAU130308s9999 xx 000 0 und d aIT-RoPAU cIT-RoPAU aITALIANO aKosko Bart gCodice Aut. SPICS: 49997 aFUZZY THINKING: THE NEW SCIENCE OF FUZZY LOGIC gCodice Tit. Orig. Spics: T3118 aFuzzy-Pensiero (Il). teoria e applicazioni della logica Fuzzy bFuzzy-Pensiero (Il). Teoria e Applicazioni della Logica Fuzzy a1a ed. aMILANO bBaldini & Castoldi c1995 [1° Ed.:1995 - Ed.Ling.Originale:1993] a"368 p. (prefazione: no ; testo: 368)" aFuzzy nel Senso di Sfumato. sfumature di Grigio. Principio Fuzzy: tutto E'Questione di Misura: Bivalenza contro Polivalenza, Piu' Aumenta la Precisione Piu' Emerge la Natura Fuzzy delle Cose, ragionamento Fuzzy Aumenta Il Qi delle Macchine, Non Confondere Scienza con Scienziati. Intero nella Parte: Dio della Probabilità Massima, istinto di Probabilità, Sottoinsiemita',Zen del Gioco D'Azzardo. Passato Fuzzy: Aristotele contro Budda, Cosa è la Verita'?, Modi del Paradosso. presente Fuzzy: Insiemi Fuzzy, sistemi Fuzzy, sistemi Fuzzy Adattivi, mappe Cognitive Fuzzy. futuro Fuzzy: Vita e Morte, Etica e Contratto Sociale, Uomo e Dio, Uomo Macchina Fuzzy. Glossario. Bibliografia. Fuzzy: Termine a Effetto che Il Logico Lofti Zadech Scelse Negli Anni 60 per Ribatezzare e Rilanciare un settore della Logica Matematica. aFILOSOFIA LINGUISTICA eCodice materia Spics: 3101 cBK 71 c87745d87745 g1 0010406E_000000000000000_943871aSPICSbSPICSd2013-03-08l0oE9438r2013-03-08 00:00:00w2013-03-08yBKzProgressivo inserimento: 1818 / N. Volumi: 1 Copie: 1 / data import: 1 marzo 2013 - By Epidotti, Trombetti, Vaglietti.